[Event "SRB-chT3 South"]
[Site "Serbia"]
[Date "2017.10.15"]
[Round "11.6"]
[White "Vucetic, Mirko"]
[Black "Puzic, Slobodan"]
[Result "1-0"]
[WhiteElo "2045"]
[BlackElo "2050"]
[PlyCount "24"]
[EventDate "2017.09.03"]
[EventType "team-tourn"]
[EventRounds "11"]
[EventCountry "SRB"]
[SourceTitle "EXT 2022"]
[Source "ChessBase"]
[SourceDate "2021.10.06"]
[SourceVersion "1"]
[SourceVersionDate "2021.10.06"]
[SourceQuality "1"]

1. d4 d6 2. Nf3 g6 3. Bf4 Bg7 4. e3 Nd7 5. c3 e5 6. dxe5 dxe5 7. Bg3 Ngf6 8. h3 0-0 9. Bc4 Qe7 10. Qe2 Nh5 11. Bh2 Kh8 12. 0-0 Nb6 1-0

[Event "SRB-chT3 South"]
[Site "Serbia"]
[Date "2017.10.14"]
[Round "10.6"]
[White "Puzic, Slobodan"]
[Black "Savic, Goran Lj"]
[Result "1/2-1/2"]
[WhiteElo "2050"]
[BlackElo "2109"]
[PlyCount "21"]
[EventDate "2017.09.03"]
[EventType "team-tourn"]
[EventRounds "11"]
[EventCountry "SRB"]
[SourceTitle "EXT 2022"]
[Source "ChessBase"]
[SourceDate "2021.10.06"]
[SourceVersion "1"]
[SourceVersionDate "2021.10.06"]
[SourceQuality "1"]

1. b3 Nf6 2. Bb2 e6 3. g3 Be7 4. Bg2 0-0 5. e3 d5 6. d3 b6 7. Ne2 Bb7 8. 0-0 Nbd7 9. Nd2 c5 10. c4 dxc4 11. Qc2 1/2-1/2

[Event "SRB-chT2 South"]
[Site "Nis"]
[Date "2013.10.19"]
[Round "5.2"]
[White "Zivkovic, Dragan"]
[Black "Puzic, Slobodan"]
[Result "1/2-1/2"]
[WhiteElo "2131"]
[BlackElo "2146"]
[PlyCount "29"]
[EventDate "2013.10.17"]
[EventType "team-swiss"]
[EventRounds "8"]
[EventCountry "SRB"]
[SourceTitle "EXT 2014"]
[Source "ChessBase"]
[SourceDate "2013.11.20"]
[SourceVersion "1"]
[SourceVersionDate "2013.11.20"]
[SourceQuality "1"]

1. Nf3 d5 2. d4 Nf6 3. Bf4 Bf5 4. c3 c6 5. Qb3 Qb6 6. Nbd2 e6 7. e3 Nbd7 8. Be2 Be7 9. 0-0 0-0 10. Ne5 Nxe5 11. Bxe5 h6 12. Bxf6 Bxf6 13. f4 Be7 14. g3 Rfe8 15. Rac1 1/2-1/2

[Event "SRB-chT2 South"]
[Site "Nis"]
[Date "2013.10.17"]
[Round "1.2"]
[White "Radivojevic, Tomislav"]
[Black "Puzic, Slobodan"]
[Result "1-0"]
[WhiteElo "2169"]
[BlackElo "2146"]
[PlyCount "95"]
[EventDate "2013.10.17"]
[EventType "team-swiss"]
[EventRounds "8"]
[EventCountry "SRB"]
[SourceTitle "EXT 2014"]
[Source "ChessBase"]
[SourceDate "2013.11.20"]
[SourceVersion "1"]
[SourceVersionDate "2013.11.20"]
[SourceQuality "1"]

1. e4 d6 2. g3 e5 3. Bg2 Nf6 4. Nc3 Be7 5. d3 0-0 6. Nge2 Nc6 7. h3 Be6 8. f4 Nd4 9. Nxd4 exd4 10. Ne2 c5 11. f5 Bd7 12. 0-0 Bc6 13. Nf4 Nd7 14. Bd2 Bg5 15. h4 Bxf4 16. Bxf4 Ne5 17. Bxe5 dxe5 18. f6 gxf6 19. Qh5 Kh8 20. Kh2 Bd7 21. Rf2 f5 22. Raf1 Qf6 23. Bh3 Qg6 24. Qg5 f6 25. Qxg6 hxg6 26. exf5 gxf5 27. Bxf5 Bxf5 28. Rxf5 Kg7 29. g4 Rac8 30. Kg3 c4 31. g5 cxd3 32. cxd3 Rc2 33. gxf6+ Kf7 34. Rxe5 Rg8+ 35. Rg5 Rxb2 36. a4 Rb6 37. Kg4 Ra6 38. a5 Re6 39. Rf4 Re1 40. Kf5 Ra1 41. Rxd4 Rxa5+ 42. Kf4 Rgxg5 43. hxg5 Kg6 44. Rd7 Rf5+ 45. Ke4 Rxg5 46. Rxb7 Kxf6 47. Rxa7 Ke6 48. Ra6+ 1-0

[Event "SRB-chT2 South CS"]
[Site "Nis"]
[Date "2012.09.21"]
[Round "1.1"]
[White "Puzic, Slobodan"]
[Black "Savic, Goran Lj"]
[Result "1-0"]
[WhiteElo "2147"]
[BlackElo "2145"]
[PlyCount "121"]
[EventDate "2012.09.21"]
[EventType "team-tourn"]
[EventRounds "10"]
[EventCountry "SRB"]
[SourceTitle "EXT 2019"]
[Source "ChessBase"]
[SourceDate "2018.10.10"]
[SourceVersion "1"]
[SourceVersionDate "2018.10.10"]
[SourceQuality "1"]

1. e4 e6 2. d3 d5 3. Nd2 Nf6 4. Ngf3 Be7 5. g3 0-0 6. Bg2 c5 7. 0-0 Nc6 8. Re1 Qc7 9. Qe2 Rd8 10. e5 Nd7 11. Nf1 Nd4 12. Nxd4 cxd4 13. Bf4 Nc5 14. h4 Na4 15. Rab1 b5 16. Nh2 Ba6 17. Nf3 Qc5 18. Ng5 h6 19. Nf3 Rac8 20. Rec1 Rc7 21. g4 b4 22. h5 Rdc8 23. g5 Kh7 24. Bh3 Qb6 25. Kh2 Bb5 26. Qd2 Bf8 27. Bg3 Be8 28. Bh4 a5 29. Kh1 Qa7 30. Nh2 Nc5 31. f4 g6 32. hxg6+ fxg6 33. gxh6 Bxh6 34. Ng4 Bg7 35. Nf6+ Bxf6 36. Bxf6 Kg8 37. Bg4 Rh7+ 38. Kg2 Rcc7 39. Rh1 Rxh1 40. Rxh1 Rh7 41. Rxh7 Qxh7 42. Qf2 Qc7 43. Qxd4 Bf7 44. Qf2 Nd7 45. Bg5 a4 46. Bd1 Qc5 47. Qxc5 Nxc5 48. Be7 Na6 49. d4 Be8 50. Be2 Nb8 51. Bxb4 Bc6 52. Kf2 Nd7 53. b3 Kf7 54. Ke3 Nb6 55. Ba5 Nd7 56. b4 Nf8 57. b5 Bb7 58. c3 Nh7 59. Bd1 g5 60. fxg5 Nxg5 61. Bxa4 1-0

[Event "SRB-chT2 East"]
[Site "Serbia"]
[Date "2010.09.12"]
[Round "1"]
[White "Ignjatovic, Miroslav"]
[Black "Puzic, Slobodan"]
[Result "1/2-1/2"]
[WhiteElo "1843"]
[BlackElo "2151"]
[PlyCount "48"]
[EventDate "2010.09.11"]
[EventType "team"]
[EventRounds "11"]
[EventCountry "SRB"]
[SourceTitle "EXT 2012"]
[Source "ChessBase"]
[SourceDate "2011.11.24"]
[SourceVersion "1"]
[SourceVersionDate "2011.11.24"]
[SourceQuality "1"]

1. d4 Nf6 2. Nf3 d6 3. c4 Nbd7 4. Nc3 c6 5. e4 e5 6. Be2 Be7 7. 0-0 0-0 8. Re1 Re8 9. Bf1 a6 10. Rb1 b5 11. d5 cxd5 12. cxd5 Nb6 13. Nd2 Bd7 14. a3 Qc7 15. Qf3 Rec8 16. h3 Be8 17. Nd1 Na4 18. Ne3 g6 19. Nb3 Bd8 20. Bd2 Qe7 21. Bd3 Bb6 22. Nf1 Nh5 23. g4 Qf6 24. Qxf6 Nxf6 1/2-1/2

[Event "SRB-chT2 East"]
[Site "Golubac"]
[Date "2008.10.18"]
[Round "10.2"]
[White "Puzic, Slobodan"]
[Black "Marinkovic, Velibor"]
[Result "1/2-1/2"]
[WhiteElo "2151"]
[BlackElo "2139"]
[PlyCount "89"]
[EventDate "2008.09.14"]
[EventType "team"]
[EventRounds "11"]
[EventCountry "SRB"]
[SourceTitle "EXT 2012"]
[Source "ChessBase"]
[SourceDate "2011.11.24"]
[SourceVersion "1"]
[SourceVersionDate "2011.11.24"]
[SourceQuality "1"]

1. d4 Nf6 2. Nf3 g6 3. Bg5 Bg7 4. Nbd2 d5 5. c3 0-0 6. e3 Nbd7 7. Bd3 c5 8. 0-0 b6 9. Re1 Bb7 10. a4 Ne4 11. Bh4 h6 12. Qc2 f5 13. Bg3 Nxg3 14. hxg3 c4 15. Be2 a6 16. Nh4 Kh7 17. f4 e6 18. Nhf3 b5 19. b4 Bc6 20. a5 Nf6 21. Ne5 Be8 22. g4 Ne4 23. Nxe4 fxe4 24. g3 Ra7 25. Kg2 Rh8 26. Rh1 Kg8 27. Rh3 Bf6 28. Rah1 Rah7 29. Qd2 Qe7 30. Qe1 Qa7 31. Qg1 Qc7 32. R1h2 Qa7 33. Kf2 Bxe5 34. dxe5 g5 35. Qd1 Bg6 36. Qd2 Kg7 37. Rh1 Rf8 38. Kg2 Rc8 39. Rd1 Rd8 40. Rhh1 Kg8 41. Rhf1 Rf7 42. Rf2 Rdf8 43. Rdf1 Kg7 44. Rd1 Rd8 45. Rff1 1/2-1/2

[Event "SRB-chT2 East"]
[Site "Serbia"]
[Date "2006.10.14"]
[Round "6.6"]
[White "Puzic, Slobodan"]
[Black "Panic, Milan"]
[Result "0-1"]
[WhiteElo "2173"]
[BlackElo "2167"]
[PlyCount "84"]
[EventDate "2006.09.09"]
[EventType "team"]
[EventRounds "11"]
[EventCountry "SRB"]
[SourceTitle "EXT 2012"]
[Source "ChessBase"]
[SourceDate "2011.11.24"]
[SourceVersion "1"]
[SourceVersionDate "2011.11.24"]
[SourceQuality "1"]

1. d4 Nf6 2. Nf3 e6 3. c4 b6 4. g3 Ba6 5. b3 Bb4+ 6. Bd2 Be7 7. Bg2 d5 8. 0-0 0-0 9. Ne5 c6 10. Nc3 dxc4 11. Bf4 cxb3 12. axb3 Bb7 13. Qc2 Nd5 14. Nxd5 cxd5 15. Rfc1 Bd6 16. Nd3 Bxf4 17. gxf4 Nc6 18. e3 Qd6 19. Qd2 a5 20. Bf1 Rfc8 21. Ne5 Nb4 22. Bb5 Ba6 23. Bxa6 Nxa6 24. Rxc8+ Rxc8 25. Rc1 Rc7 26. Rxc7 Nxc7 27. Qc2 g6 28. h4 Kg7 29. h5 gxh5 30. Qe2 f6 31. Qxh5 fxe5 32. Qg5+ Kf7 33. Qh5+ Kf8 34. Qxh7 exf4 35. Qh8+ Ke7 36. Qg7+ Ke8 37. exf4 Qxf4 38. Qh8+ Kd7 39. Qb8 Qxd4 40. Qg8 Qd1+ 41. Kg2 Qxb3 42. Qg7+ Kc6 0-1

[Event "Serbia-ch"]
[Site "Leskovac"]
[Date "2002.02.21"]
[Round "7"]
[White "Brajic, Miloje"]
[Black "Puzic, Slobodan"]
[Result "0-1"]
[WhiteElo "2252"]
[BlackElo "2233"]
[PlyCount "90"]
[EventDate "2002.02.15"]
[EventType "swiss"]
[EventRounds "9"]
[EventCountry "YUG"]
[SourceTitle "CBM 086 Extra"]
[Source "ChessBase"]
[SourceDate "2002.03.14"]
[SourceVersion "1"]
[SourceVersionDate "2002.03.14"]
[SourceQuality "1"]

1. e4 e5 2. Nc3 Nf6 3. f4 d5 4. fxe5 Nxe4 5. Nf3 Bg4 6. d3 Nxc3 7. bxc3 Nc6 8. d4 Be7 9. Bd3 Bh4+ 10. g3 Be7 11. h3 Be6 12. Qe2 h6 13. Be3 Qd7 14. Rb1 Rb8 15. c4 Nb4 16. cxd5 Nxd3+ 17. Qxd3 Bxd5 18. Kf2 Qc6 19. Bd2 0-0 20. Rhe1 Bxa2 21. Ra1 Bc4 22. Qc3 a6 23. Bf4 Qe6 24. Kg2 Bd5 25. Kh2 Rbc8 26. Qd3 c5 27. c3 Rfd8 28. Rad1 Bxf3 29. Qxf3 cxd4 30. cxd4 Rc2+ 31. Re2 Rxe2+ 32. Qxe2 Rd5 33. Qb2 b5 34. Ra1 b4 35. Rc1 Qd7 36. Rc4 a5 37. Qc2 Rxd4 38. Rc8+ Bd8 39. Be3 Rd3 40. e6 fxe6 41. Bc1 Kf7 42. Qc5 Qd5 43. Qf2+ Bf6 44. Qa7+ Kg6 45. Rf8 Qa2+ 0-1

[Event "Serbia-ch"]
[Site "Leskovac"]
[Date "2002.02.19"]
[Round "5"]
[White "Petkovic, Dragoslav"]
[Black "Puzic, Slobodan"]
[Result "1/2-1/2"]
[WhiteElo "2305"]
[BlackElo "2233"]
[PlyCount "20"]
[EventDate "2002.02.15"]
[EventType "swiss"]
[EventRounds "9"]
[EventCountry "YUG"]
[SourceTitle "CBM 086 Extra"]
[Source "ChessBase"]
[SourceDate "2002.03.14"]
[SourceVersion "1"]
[SourceVersionDate "2002.03.14"]
[SourceQuality "1"]

1. d4 d5 2. Nf3 Nf6 3. g3 c6 4. Bg2 Bg4 5. 0-0 Nbd7 6. c4 e6 7. Nc3 Bd6 8. b3 0-0 9. Bb2 Re8 10. Re1 h6 1/2-1/2

[Event "Serbia-ch"]
[Site "Leskovac"]
[Date "2002.02.17"]
[Round "3"]
[White "Vratonjic, Slobodan"]
[Black "Puzic, Slobodan"]
[Result "1-0"]
[WhiteElo "2432"]
[BlackElo "2233"]
[PlyCount "87"]
[EventDate "2002.02.15"]
[EventType "swiss"]
[EventRounds "9"]
[EventCountry "YUG"]
[SourceTitle "CBM 086 Extra"]
[Source "ChessBase"]
[SourceDate "2002.03.14"]
[SourceVersion "1"]
[SourceVersionDate "2002.03.14"]
[SourceQuality "1"]

1. e4 e5 2. Nf3 Qe7 3. Nc3 c6 4. d4 d6 5. h3 h6 6. a4 Nf6 7. Bd3 Qc7 8. 0-0 Be7 9. Be3 0-0 10. Nd2 Nbd7 11. f4 exd4 12. Bxd4 Nh7 13. Qf3 Bf6 14. Be3 b6 15. e5 dxe5 16. Qe4 g6 17. f5 g5 18. Qg4 Bg7 19. Nde4 Nhf6 20. Qf3 Bb7 21. g4 Nxe4 22. Nxe4 Nf6 23. h4 Nxe4 24. Bxe4 Bf6 25. hxg5 hxg5 26. Kg2 Qe7 27. Rh1 Kg7 28. Rh3 Rh8 29. Rah1 Rag8 30. Rh5 Rxh5 31. gxh5 g4 32. h6+ Kh7 33. Qe2 c5 34. Qc4 Qd7 35. Kg3 Bxe4 36. Qxe4 Rd8 37. Kxg4 Qe8 38. Kf3 Qd7 39. Rg1 Rg8 40. Rxg8 Kxg8 41. b3 Qd1+ 42. Kg3 Qh5 43. Qf3 Qh4+ 44. Kg2 1-0